ninjago seasons 1 to 19 villian army - Statistics

General Stats
  • This quiz has been taken 183 times
  • The average score is 7 of 21
Answer Stats
season Answer % Correct
season 1(rise of the serpentine) Serpentine
84%
season 3(rebooted) Nindroids
80%
season 2(legacy of the green ninja) Stone Army
74%
season 8(sons of garmadon) Sons of Garmadon
73%
season 6(skybound) Sky Pirates
62%
season 10(march of the oni) Oni
60%
season 7(hands of time) Vermillion
48%
season 9(hunted) Dragon Hunters
44%
season 4(tournament of elements) Anacondrai Cultists
24%
season 5(possession) Ghost Army
23%
season 17(dragons rising season 1) Claws of Imperium
22%
season 12(prime empire) Red Visors
22%
season 11 part 2(forbiden spinjitzu) Blizzard Samurai
19%
season 11(forbiden spinjitzu) Pyro Viper
18%
season 16(crystalised) Crystal Army(vengstone warriors)
12%
season 13(master of the mountain) Re-Awakened
12%
season 14 (the island) Islanders
9%
season 19(dragons rising season 3part 1) Dragonian Warriors
8%
season 18(dragons rising season 2part 1) Wolf Masked Warriors
8%
season 18(dragons rising season 2 part 2) Wolf Masked Warriors
8%
season 15(seabound) Maaray Guards
3%
No matching quizzes found
Score Distribution
Percent of People with Each Score
Percentile by Number Answered
Your Score History
You have not taken this quiz